00388nam a2200121 4500020001500000082001500015100002400030245005800054260002400112300000800136650005800144856006400202 a0126437300 a547.04 SIL aSilverman Richard.B aThe Organic Chemistry of Drug Design and Drug Actioin aNEW yORKbAcademics a422 aChemistryaOrganic ChemistryaDrug DesgnaDrug Action udrive.google.com/drive/folders/0B5M-4PSBmMJxVnExZ0NGOURPME0